Quickcheck : placement tests
Αποθηκεύτηκε σε:
| Κύριος συγγραφέας: | |
|---|---|
| Άλλοι συγγραφείς: | |
| Μορφή: | Βιβλίο |
| Γλώσσα: | English |
| Δημοσίευση: |
Walton-on-Thames UK :
Nelson,
1987
|
| Θέματα: | |
| Ετικέτες: |
Προσθήκη ετικέτας
Δεν υπάρχουν, Καταχωρήστε ετικέτα πρώτοι!
|
MARC
| LEADER | 00000nam a2200000 i 4500 | ||
|---|---|---|---|
| 001 | 1/64131 | ||
| 008 | 941103s1987 eng d | ||
| 020 | |a 0-17-555563-X | ||
| 035 | |a 1993 |l 10046911 | ||
| 040 | |a GR-MY-UA |b gre |e aacr | ||
| 041 | 0 | |a eng | |
| 082 | 0 | |a 428.24 | |
| 100 | 1 | |a Fowler, William Scott |d 1937- | |
| 245 | 1 | 0 | |a Quickcheck : |b placement tests / |c W.S. Fowler, Norman Coe |
| 260 | |a Walton-on-Thames UK : |b Nelson, |c 1987 | ||
| 300 | |a 33 σ.; |c 28 cm. | ||
| 650 | 0 | 0 | |a English language |x Composition and exercises. |
| 650 | 0 | 0 | |a English language |x Study and teaching |x Foreign speakers. |
| 700 | 1 | |a Coe, Norman. | |
| 852 | |a INST |b SAMOS |e 19941103 |h 428.24 FOW |p 005300002796 |q 005300002796 |t BK |y 0 | ||
| 909 | |a Σ |b 029781 | ||